No procede el desalojo extrajudicial cuando el supuesto invasor ostenta título inscrito en Registros Públicos (Registro nro. 22586)

000 -Cabecera
Campo de control interno 01935nam a2200217 4500
001 - Número de control
control field ESSALUD
005 - Fecha y hora de la última transacción
Campo de control 20260630192438.0
007 - Tipo material - Descripcion fisica - info general
Tipo material - Descripcion fisica - info general ta
008 - Elementos de Longitud Fija - Información General
Elementos de Longitud Fija - Información t pe ||||| |||| 00| 0 spa d
040 ## - Origen de la Catalogación
Origen de la Catalogación BMG
041 ## - Idioma
Idioma spa
100 ## - Autor
Autor Tribunal Constitucional
Rol del Autor Autor
9 (RLIN) 53009
245 ## - Titulo
Titulo No procede el desalojo extrajudicial cuando el supuesto invasor ostenta título inscrito en Registros Públicos
300 ## - Páginas
Paginación páginas 93-101
520 ## - Resumen
Resumen El desalojo extrajudicial regulado en el artículo 65 de la Ley N° 30230 otorga a las entidades estatales la facultad de repeler extrajudicialmente las invasiones u ocupaciones ilegales que pudieran realizarse en inmuebles de su propiedad. Sin embargo, este supuesto no se presenta en el presente caso, pues no es una invasora o poseedora precaria, sino, más bien, ostenta títulos inscritos en partidas registrales. En tal sentido, este Tribunal Constitucional considera que, en tanto no exista una resolución judicial o un laudo arbitral firme que declare su invalidez, las inscripciones que obran en dichas partidas registrales gozan de presunción de validez y son oponibles a terceros, lo cual incluye, ciertamente, al Estado. Por consiguiente, este Tribunal Constitucional considera que se ha acreditado que el desalojo realizado por la SBN en este caso, se basó en una aplicación desnaturalizada e irregular del artículo 65 de la Ley N° 30230, lo cual resulta lesivo del derecho fundamental al debido procedimiento, toda vez que dicha norma está concebida para repeler a los invasores, y no para despojar a las personas de su propiedad a través de una suerte de expropiación unilateral.
650 ## - Temas - Descriptores
Temas - Descriptores DESALOJO
9 (RLIN) 52946
650 ## - Temas - Descriptores
Temas - Descriptores REGISTROS PÚBLICOS
9 (RLIN) 4244
650 ## - Temas - Descriptores
Temas - Descriptores TITULACIÓN
9 (RLIN) 53010
773 0# - Revista (Relacion con el numero)
Host Biblionumber 22573
Host Itemnumber 22620
Ciudad, Editorial Lima Grupo Praxis Formación Profesional, 2026-
Codigo barras item/ejemplar PRA001
Titulo de la Revista Praxis Civil & Procesal Civil
Número de control de registro ESSALUD
ISSN 3119-7671
942 ## - Elementos de Koha
Tipo de Documento Artículos
Fecha procesamiento 2026-06-30
Catalogador sqb

No hay ítems disponibles.